| 000 | 00526nam a2200217Ia 4500 | ||
|---|---|---|---|
| 001 | 13323 | ||
| 003 | GE_BSU | ||
| 008 | 181216s||||||||xx |||||||||||||| ||und|| | ||
| 020 | _a0751526959 | ||
| 040 | _cGE_BSU | ||
| 080 | _a821.111-312.4 | ||
| 100 | _aAdam,Paul. | ||
| 245 | _aUnholy Trinity. | ||
| 245 | _bDeath politics and the eternal city. | ||
| 260 | _aLondon. | ||
| 260 | _bWarner Books. | ||
| 260 | _c1999 | ||
| 300 | _a470p;18cm. | ||
| 653 | _aUnholy Trinity.Death politics and the eternal city. | ||
| 942 | _cBK | ||
| 999 |
_c46484 _d46484 |
||